Al-Kaffarah (Record no. 1425)

MARC details
000 -LEADER
fixed length control field 00627nam a2200253 a 4500
020 ## - INTERNATIONAL STANDARD BOOK NUMBER
ISBN
082 00 - DEWEY DECIMAL CLASSIFICATION NUMBER
Classification number 234.5
Author Cutter GOL
100 ## - MAIN ENTRY--AUTHOR NAME
Author name Goldsack, William
245 ## - TITLE STATEMENT
Title Al-Kaffarah
260 ## - PUBLICATION, DISTRIBUTION, ETC. (IMPRINT)
Place of publication Lahore
Name of publisher Punjab Religious Booksociety
Year of publication 1958
300 ## - PHYSICAL DESCRIPTION
Number of Pages 16p
500 ## - GENERAL NOTE
General note includes index and biblioraphy
505 2# - FORMATTED CONTENTS NOTE
Formatted contents note 12 Volumes in Bounded in Six Volumes
650 ## - SUBJECT ADDED ENTRY--TOPICAL TERM
Topical Term Atonement
650 ## - SUBJECT ADDED ENTRY--TOPICAL TERM
Topical Term Reconciliation
942 ## - ADDED ENTRY ELEMENTS (KOHA)
Koha item type Books
700 1# -
-- Goldsack, William
Holdings
Collection code Home library Current library Date acquired Cost, normal purchase price Full call number Accession Number Koha item type
  Henry Martyn Institute Library Henry Martyn Institute Library 06/20/2007 100.00 234.5 GOL 04677 Books
                   Copyright © 2026 | Henry Martyn Institute | Hyderabad | TS-500052 | INDIA | Implemented by hmi.edu.in
Hit-Count:

Powered by Koha